000 nam a22 a 4500
999 _c115900
_d115900
003 BLK
005 20220222132330.0
008 180409b bul|||||r ||||||| ||bul||
010 _aKNG00121419000
040 _aBLK
041 _aBUL
_cBUL
080 _aРазвиване на мисълта. Подвижни упражнения - Упражняване на вниманието и способността за различаване, наблюдаване на природата, гимнастика, ритмични упражнения, ръчна работа и др.
_b372.36
_z372.36
139 _aЙорданова, Любомила и др.
_bИ 83
245 1 0 _aЩастливи дни
_bПодвижни игри с музика за деца от предучилищна възраст
_cсъстав. Любомила Йорданова; състав. Лиляна Балевска; състав. Зорка Чифчиева.
250 _a2. изд.
257 _aBGR
260 _aСофия
_bНаука и изкуство
_c1962
300 _a80 с.
_bс ноти
_c24 см
380 _a3
650 4 _aМузика - в предучилищното възпитание
_9314381
653 _aмузикални игри
653 _aпредучилищно възпитание
700 1 _aЙорданова, Любомила
_eсъстав.
_9314390
700 1 _aБалевска, Лиляна
_eсъстав.
_9314391
700 1 _aЧифчиева, Зорка
_eсъстав.
_9314392
852 _aЦб 24413
856 4 _qpdf
856 4 _qpdf
942 _cKNG
_n0
_s1
944 _aCR
_c15.02.2011
_lдобави в АБ / 14.02.2011
_kГеновева_Генчева
944 _aED
_c15.02.2011
_lдобави в АБ / 14.02.2011
999 _d115900